00828nam a2200205 a 450000100100000000500170001000800410002702000150006804000250008310000320010824501300014026000270027030000210029749000430031850000210036171000720038283000460045495201050050099900170060500004184520201002035804.0131018s2002 sp 000 0 spa d a8400080300 aDO-SdBNPbspacBNPHU1 aSastre Prats, Inés96872610aOnomástica y Relaciones Políticas en la epigrafía del Conventus Asturum durante el alto imperio /cInés Sastre Prats. aMadrid :bCSIC,c2002. a189 p. ;c29 cm.1 aAnejos de archivo de arqueologíav25 aIncluye índice2 aConsejo Superior de Investigaciones Científicas (España)915178 0aAnejos de archivo de arqueología968727 001050718MOaGRbGRcCTd2013-10-18iLF1l0o p41845-10r2020-06-25w2020-06-25y1ZNo se presta c41334d41334